000 00583njm a2200181 i 4500
001 C2-0218240
003 PPAK
005 20180729152119.0
008 990724s1990 my |||| ||||| | may d
040 _aPPAK
_beng
_cPPAK
_erda
245 0 0 _aWarisan kesenian Kedah Darul Aman
264 1 _aAlor Setar, Kedah :
_bPerbadanan Perpustakaan Awam Kedah ,
_c1990
336 _2rdacontent
_atext
337 _2rdamedia
_aunmediated
338 _2rdacarrier
_avolume
500 _aDirakam pada 18/11/90 ; Makalah 2 ; Tiada transkripsi ; Disampaikan oleh Siti Zainon Ismail
942 _ddc
_cB
999 _c163149
_d163149